Movies Quiz

Random Movies or Animation Quiz
Score 0/30 Timer 08:00
6 Plays Today
Tagline Movie % Correct
'Life's greatest adventure is finding your place in the Circle of Life.'The Lion King
98.9%
'Somewhere under the sea and beyond your imagination is an adventure in fantasy.'The Little Mermaid
95.9%
'Hang on for the comedy that goes to infinity and beyond!'Toy Story
90.7%
'An adventure beyond the Ordinar-E.'WALL-E
90.4%
'Imagine if you had three wishes, three hopes, three dreams, and they all could come true.'Aladdin
87.7%
'71% of the Earth's surface is covered by water. That's a lot of space to find one fish.'Finding Nemo
87.2%
'(Title): We scare because we care.'Monsters, Inc
86.3%
'Midnight never strikes when you're in love.'Cinderella
85.5%
'The jungle is JUMPIN'!'The Jungle Book
84.6%
'The happiest, dopiest, grumpiest, sneeziest movie of the year.'Snow White and the Seven Dwarfs
84.6%
'Meet the cats who know where it's at... for fun, music, and adventure!'The Aristocats
79.4%
'She's from the leash and license set... he's footloose and collar free!'Lady and the Tramp
78.7%
'The most beautiful love story ever told.'Beauty and the Beast
73.8%
'The story of a boy who became a man by becoming a bear.'Brother Bear
73.5%
'He's dying to become a chef.'Ratatouille
72.6%
Tagline Movie % Correct
'Two friends that didn't know they were supposed to be enemies.'The Fox and the Hound
67.4%
'Meet (Title) and his MERRY MENagerie!'Robin Hood
67.3%
'Pure enjoyment... with no strings attached.'Pinocchio
62.3%
'Every love story begins with a kiss...'The Princess and the Frog
62.1%
'Tired of living in a Medieval mess... Merlin uses all his magic powers to change a scrawny little boy into a legendary hero!'The Sword in the Stone
61.1%
'The flower that blooms in adversity is the most rare and beautiful of all.'Mulan
54.2%
'Hear the pictures! See the music!'Fantasia
53.1%
'This summer, Disney-Pixar will take you on their next great adventure.'Up
51.5%
'Love comes to the forest folk... and to you, in one of the world's greatest love stories!'Bambi
41.3%
'An American legend comes to life.'Pocahontas
38%
'Save the day.'The Incredibles
29.1%
'It's all about... ME!'The Emperor's New Groove
25.4%
'There's one in every family.'Lilo & Stitch
20.8%
'An immortal legend. As you've only imagined.'Tarzan
18.7%
'Go somewhere really different this year...'Atlantis: The Lost Empire
12.1%

You're not logged in!

Compare scores with friends on all Sporcle quizzes.
OR
Log In

Sporcle TV

Today on Sporcle TV


Watch our educational content, quiz creation guides, and fun videos on Sporcle TV.

Show Comments

Extras

Top Quizzes Today


Score Distribution

Your Account Isn't Verified!

In order to create a playlist on Sporcle, you need to verify the email address you used during registration. Go to your Sporcle Settings to finish the process.

Report this User

Report this user for behavior that violates our Community Guidelines.

Details: